Literacy : helping children construct meaning /

Đã lưu trong:
Sonraí Bibleagrafaíochta
Príomhúdar: Cooper, J. David, 1942-
Formáid: Leabhar
Teanga:English
Foilsithe: Boston : Houghton Mifflin Co, 2000.
Eagrán:4th ed.
Ábhair:
Clibeanna: Cuir Clib Leis
Gan Chlibeanna, Bí ar an gcéad duine leis an taifead seo a chlibeáil!
Thư viện lưu trữ: Mạng thư viện Đại học Đà Nẵng
LEADER 00985cam a2200385 i 4500
001 000045408
003 4584
005 20041027141419.0
008 010326b2000 vm 000 eng
020 |a 0395961327 (pbk.) 
040 |a IRC  |c IRC  |d IRC 
041 0 |a eng 
082 1 4 |a 372.47  |b CO-J 
100 1 |a Cooper, J. David,  |d 1942- 
245 1 0 |a Literacy :  |b helping children construct meaning /  |c J. David Cooper. 
250 |a 4th ed. 
260 |a Boston :  |b Houghton Mifflin Co,  |c 2000. 
300 |a xxii, 617 p. :  |b ill. 
630 0 4 |a Education. 
630 0 4 |a Literacy. 
630 0 4 |a Linguistic teaching. 
630 0 4 |a Reading comprehension. 
650 0 4 |a Reading. 
650 0 4 |a Literacy. 
650 0 4 |a Reading comprehension. 
OWN |a DUT 
999 |a From the UDN01 
TYP |a Monograph 
TYP |a Printed language 
980 |a Mạng thư viện Đại học Đà Nẵng